000
00284nam a22001217a 4500
008
180424b xxu||||| |||| 00| 0 eng d
041
_a
eng
080
_a
043.3
100
_a
0
101
_a
INI-BA
245
_a
Sinjalizimi si Element i Sigurise ne Rruge
_c
Elezi, F
942
_2
udc
_c
BK
999
_c
45446
_d
45446